[Event "4NCL/Div4/CAMB vs. PONTY"]
[Site "West Bromwich ENG"]
[Date "2004.06.20"]
[Round "11.5"]
[White "Spencer, Carl"]
[Black "Antonine, Violaine"]
[Result "1-0"]
[WhiteElo "1880"]
[BlackElo "1530"]
[PlyCount "39"]
[EventDate "2004.06.20"]

1. e4 c5 2. Nf3 Nc6 3. Bb5 Nf6 4. Nc3 e6 5. O-O Be7 6. e5 Ng4 7. Re1 Qc7 8.
Bxc6 Qxc6 9. d4 h5 10. d5 exd5 11. Nxd5 b6 12. c4 Bd8 13. h3 Nh6 14. Bg5 Bb7
15. e6 dxe6 16. Ne5 Qc8 17. Qxh5 g6 18. Nxg6 Bxg5 19. Qxg5 Qd8 20. Nf6+ 1-0

[Event "4NCL/Div4/CAMB vs. PONTY"]
[Site "West Bromwich ENG"]
[Date "2004.06.20"]
[Round "11.6"]
[White "Davies, James"]
[Black "Kapadia, Sujit"]
[Result "0-1"]
[WhiteElo "1160"]
[BlackElo "1744"]
[PlyCount "72"]
[EventDate "2004.06.20"]

1. d4 d5 2. e3 c5 3. c3 Nf6 4. Nf3 Bf5 5. Be2 e6 6. O-O Nc6 7. a3 Bd6 8. h3 O-O
9. Nbd2 c4 10. b3 b5 11. bxc4 bxc4 12. Re1 Rb8 13. Nf1 Qa5 14. Bd2 Rb3 15. a4
Ne4 16. Qc1 Nxd2 17. N3xd2 Rxc3 18. Qd1 Bc2 19. Qc1 Bxa4 20. Qb1 Rb8 21. Qa2
Ra3 22. Qxa3 Bxa3 23. Rxa3 Qb4 24. Rea1 Bc2 25. Ra6 Rb6 26. Bxc4 dxc4 27. Rxb6
Qxb6 28. Nxc4 Qc7 29. Rc1 Ba4 30. Ne5 Qb7 31. Ra1 Bb5 32. Nf3 Bxf1 33. Kxf1 a5
34. Nd2 Qb2 35. Rd1 a4 36. Nc4 Qc2 0-1

[Event "4NCL/Div4/BRJ vs. MIN2"]
[Site "West Bromwich ENG"]
[Date "2004.06.20"]
[Round "11.1"]
[White "Headlong, Timothy"]
[Black "Hardman, Michael J"]
[Result "1/2-1/2"]
[WhiteElo "2196"]
[BlackElo "2107"]
[PlyCount "46"]
[EventDate "2004.06.20"]

1. Nf3 Nc6 2. c4 e5 3. Nc3 g6 4. d4 exd4 5. Nxd4 Bg7 6. Nxc6 bxc6 7. g3 Ne7 8.
Bg2 O-O 9. O-O Nf5 10. Qa4 Nd4 11. e3 Ne6 12. Rd1 Qe7 13. Qc2 Qb4 14. Na4 Nc5
15. Nxc5 Qxc5 16. e4 d6 17. Be3 Qb4 18. Rab1 Be6 19. b3 a5 20. Bd2 Qc5 21. Be3
Qb4 22. Bd2 Qc5 23. Be3 Qb4 1/2-1/2

[Event "4NCL/Div4/BRJ vs. MIN2"]
[Site "West Bromwich ENG"]
[Date "2004.06.20"]
[Round "11.2"]
[White "Parker, Robert"]
[Black "Richmond, Peter A"]
[Result "1/2-1/2"]
[WhiteElo "2105"]
[BlackElo "2251"]
[PlyCount "61"]
[EventDate "2004.06.20"]

1. d4 d5 2. c4 e6 3. Nc3 c6 4. e4 dxe4 5. Nxe4 Bb4+ 6. Nc3 Nf6 7. Nf3 O-O 8.
Bd3 c5 9. O-O Nc6 10. a3 Ba5 11. dxc5 Bxc3 12. bxc3 e5 13. Ng5 Qa5 14. Qc2 h6
15. Ne4 Nxe4 16. Bxe4 Qxc5 17. Bd5 Ne7 18. Be3 Qc7 19. Rfd1 Nxd5 20. cxd5 Rd8
21. Qb3 b6 22. Rac1 Rb8 23. c4 Bf5 24. Qb4 Qd6 25. f4 e4 26. Qxd6 Rxd6 27. c5
bxc5 28. Bxc5 Rd7 29. Bb4 Rb5 30. d6 Be6 31. Rc5 1/2-1/2

[Event "4NCL/Div4/BRJ vs. MIN2"]
[Site "West Bromwich ENG"]
[Date "2004.06.20"]
[Round "11.3"]
[White "Haydon, Richard"]
[Black "Twitchell, Neville H"]
[Result "1-0"]
[WhiteElo "2197"]
[BlackElo "2003"]
[PlyCount "35"]
[EventDate "2004.06.20"]

1. Nf3 Nf6 2. c4 b6 3. g3 Bb7 4. Bg2 e6 5. O-O a5 6. d4 Na6 7. Bf4 c5 8. Nc3
Rc8 9. d5 exd5 10. cxd5 d6 11. e4 Be7 12. e5 dxe5 13. Nxe5 Nb4 14. Qa4+ Nd7 15.
d6 Bxd6 16. Bxb7 Rc7 17. Nb5 Bxe5 18. Bxe5 1-0

[Event "4NCL/Div4/BRJ vs. MIN2"]
[Site "West Bromwich ENG"]
[Date "2004.06.20"]
[Round "11.4"]
[White "Smith, Ivor B N"]
[Black "Bareham, David"]
[Result "1/2-1/2"]
[WhiteElo "1920"]
[BlackElo "2104"]
[PlyCount "39"]
[EventDate "2004.06.20"]

1. e4 c5 2. d4 cxd4 3. c3 dxc3 4. Nxc3 Nc6 5. Nf3 d6 6. Bc4 a6 7. O-O Nf6 8.
Bg5 b5 9. Bb3 e6 10. Qe2 Be7 11. Rfd1 Qb6 12. Rac1 O-O 13. Bxf6 gxf6 14. Bc2
Kh8 15. Nd5 exd5 16. exd5 Ne5 17. Nxe5 dxe5 18. Bxh7 Kxh7 19. Qh5+ Kg7 20. Rxc8
1/2-1/2

[Event "4NCL/Div4/BRJ vs. MIN2"]
[Site "West Bromwich ENG"]
[Date "2004.06.20"]
[Round "11.5"]
[White "Tomboline, David"]
[Black "Ackley, Peter"]
[Result "0-1"]
[WhiteElo "1792"]
[BlackElo "1832"]
[PlyCount "78"]
[EventDate "2004.06.20"]

1. e4 e6 2. Qe2 Nf6 3. Nf3 d5 4. d3 Be7 5. g3 c5 6. Bg2 Nc6 7. e5 Nd7 8. c4
dxc4 9. dxc4 Qc7 10. Bf4 g5 11. Nxg5 Ndxe5 12. O-O Bxg5 13. Bxg5 Nd4 14. Qd1
Nec6 15. Nc3 f5 16. Nb5 Qg7 17. Qd2 a6 18. Bf6 Qxf6 19. Nc7+ Kf7 20. Nxa8 Ne5
21. Qd1 Qd8 22. b4 Bd7 23. Bxb7 Bc6 24. Bxc6 Nexc6 25. b5 Ne5 26. Qh5+ Kg7 27.
f4 Ng4 28. Qg5+ Qxg5 29. fxg5 Rxa8 30. a4 Kg6 31. h3 Ne3 32. Rf2 Kxg5 33. b6 e5
34. Rb1 e4 35. b7 Rb8 36. Rb6 Nf3+ 37. Kh1 Nxc4 38. Rxa6 Rxb7 39. Rc6 Rb1+ 0-1

[Event "4NCL/Div4/BRJ vs. MIN2"]
[Site "West Bromwich ENG"]
[Date "2004.06.20"]
[Round "11.6"]
[White "Eisen, David"]
[Black "Hall, Daniel J"]
[Result "1-0"]
[WhiteElo "1768"]
[BlackElo "1760"]
[PlyCount "113"]
[EventDate "2004.06.20"]

1. d4 d5 2. c4 e6 3. cxd5 exd5 4. Nc3 h6 5. Bf4 Nf6 6. e3 Be7 7. Nf3 O-O 8. h3
c6 9. Bd3 Re8 10. O-O Bd6 11. Bxd6 Qxd6 12. Rc1 Nbd7 13. Na4 Ne4 14. Qc2 Qe6
15. b4 b5 16. Nc5 Nexc5 17. bxc5 Nf8 18. Rfe1 Qf6 19. Ne5 Nd7 20. Ng4 Qd8 21.
e4 Nf8 22. exd5 Rxe1+ 23. Rxe1 Bxg4 24. hxg4 Qxd5 25. Be4 Qxd4 26. Bxc6 Rc8 27.
Bxb5 Rxc5 28. Qa4 Qxa4 29. Bxa4 Rc4 30. Bd1 Ne6 31. f3 Rd4 32. Bb3 Rd2 33. Re4
Kf8 34. Ra4 Rd7 35. Bxe6 fxe6 36. Ra6 Kf7 37. Kf2 Kf6 38. Ke3 Ke7 39. Ke4 Kf6
40. f4 g6 41. f5 gxf5+ 42. gxf5 Re7 43. Kf4 Kf7 44. fxe6+ Rxe6 45. Rxa7+ Kf6
46. a4 Rb6 47. a5 Rb4+ 48. Kg3 Ra4 49. a6 Kg5 50. Ra8 Ra3+ 51. Kh2 Kh4 52. a7
Ra2 53. Kg1 h5 54. Kf1 Kg3 55. Rg8+ Kh4 56. g3+ Kh3 57. a8=Q 1-0

[Event "4NCL/Div4/PPA2 vs. NOTT"]
[Site "West Bromwich ENG"]
[Date "2004.06.20"]
[Round "11.1"]
[White "Morgan, Ben"]
[Black "Barnes, Michael H"]
[Result "1-0"]
[WhiteElo "2204"]
[BlackElo "2262"]
[PlyCount "103"]
[EventDate "2004.06.20"]

1. d4 Nf6 2. c4 g6 3. Nc3 Bg7 4. e4 d6 5. Nf3 O-O 6. h3 Na6 7. Bg5 c6 8. a3 Nc7
9. Bd3 b5 10. cxb5 cxb5 11. O-O a6 12. Qd2 Bb7 13. Rfe1 Ne6 14. Be3 d5 15. e5
Ne4 16. Bxe4 dxe4 17. Ng5 Nxg5 18. Bxg5 f6 19. exf6 exf6 20. Bh6 f5 21. Bxg7
Kxg7 22. d5 Qf6 23. Rad1 Rad8 24. Qd4 Rd6 25. a4 bxa4 26. Qxa4 Rfd8 27. Qa5
R8d7 28. Rd2 Qd8 29. Qa4 Qb6 30. Qc4 Rc7 31. Qe2 Rcd7 32. Qc4 Rc7 33. Qe2 a5
34. Nb5 Ba6 35. Nxd6 Bxe2 36. Ne8+ Kg8 37. Nxc7 Bd3 38. Rc1 Qd4 39. Rc3 f4 40.
Ne6 Qe5 41. Rd1 g5 42. Nc5 Be2 43. Rd2 Bb5 44. d6 e3 45. d7 Bxd7 46. Rxd7 exf2+
47. Kxf2 f3 48. Ne4 Qb8 49. Rcc7 Qxb2+ 50. Kxf3 Qa3+ 51. Nc3 Qf8+ 52. Ke2 1-0

[Event "4NCL/Div4/PPA2 vs. NOTT"]
[Site "West Bromwich ENG"]
[Date "2004.06.20"]
[Round "11.2"]
[White "Truman, Richard G"]
[Black "Waddington, Michael P"]
[Result "1/2-1/2"]
[WhiteElo "2023"]
[BlackElo "2156"]
[PlyCount "81"]
[EventDate "2004.06.20"]

1. d4 f5 2. g3 Nf6 3. Bg2 d5 4. Nh3 e6 5. O-O Be7 6. c4 O-O 7. b3 c6 8. Bb2 Na6
9. Nd2 Nc7 10. Nf3 Bd7 11. Ne5 Be8 12. Qc2 Nd7 13. Rad1 Rc8 14. Nf4 Bf7 15.
Nfd3 Ne8 16. f3 Nef6 17. Nxd7 Nxd7 18. e4 Kh8 19. Rde1 Bd6 20. Ne5 Bg8 21. Qd2
dxe4 22. Nxd7 e3 23. Qxe3 Qxd7 24. f4 Bb4 25. Re2 Rfe8 26. Kh1 Be7 27. Rd1 Bf6
28. Red2 a6 29. c5 Re7 30. Bf3 Rd8 31. Bc3 Qc7 32. Re1 Bf7 33. Be2 h6 34. Bc4
Kh7 35. Qf3 Rde8 36. Rde2 Qd8 37. Qd3 Kh8 38. Kg2 Qc7 39. Kh1 Qd8 40. Kg2 Qc7
41. Kh1 1/2-1/2

[Event "4NCL/Div4/PPA2 vs. NOTT"]
[Site "West Bromwich ENG"]
[Date "2004.06.20"]
[Round "11.3"]
[White "Rosen, Daniel B"]
[Black "Webster, Richard J"]
[Result "1-0"]
[WhiteElo "2145"]
[BlackElo "2031"]
[PlyCount "87"]
[EventDate "2004.06.20"]

1. e4 e6 2. d4 d5 3. Nc3 Nf6 4. Bg5 Be7 5. e5 Nfd7 6. Bxe7 Qxe7 7. f4 a6 8. Nf3
c5 9. dxc5 Qxc5 10. Qd4 Nc6 11. Qxc5 Nxc5 12. Bd3 O-O 13. O-O b5 14. Ne2 g6 15.
Ned4 Bb7 16. Nxc6 Bxc6 17. Nd4 Rfc8 18. g4 Bd7 19. Rf3 b4 20. Raf1 Ra7 21. Rg3
Nxd3 22. cxd3 Rac7 23. Kf2 Rc1 24. Rgg1 Rxf1+ 25. Rxf1 Kg7 26. Ke3 f6 27. exf6+
Kxf6 28. g5+ Kf7 29. Kd2 a5 30. Nf3 Ba4 31. Ne5+ Kg7 32. Rc1 Rxc1 33. Kxc1 h6
34. h4 hxg5 35. hxg5 Be8 36. Kd2 Kf8 37. Ke3 Ke7 38. Kd4 Kd6 39. b3 a4 40. bxa4
Bxa4 41. Nxg6 b3 42. axb3 Bxb3 43. Ne5 Ke7 44. Nc6+ 1-0

[Event "4NCL/Div4/PPA2 vs. NOTT"]
[Site "West Bromwich ENG"]
[Date "2004.06.20"]
[Round "11.4"]
[White "Thompson, Brian"]
[Black "Dignam, Matthew"]
[Result "0-1"]
[WhiteElo "1856"]
[BlackElo "2141"]
[PlyCount "122"]
[EventDate "2004.06.20"]

1. d4 d5 2. Nf3 c6 3. e3 Nf6 4. Bd3 Bg4 5. Nbd2 Nbd7 6. c3 e5 7. dxe5 Nxe5 8.
Be2 Nxf3+ 9. Nxf3 Bd6 10. h3 Bh5 11. Nh4 Bxe2 12. Qxe2 Qd7 13. Nf3 Ne4 14. Nd2
Nxd2 15. Bxd2 Qe6 16. Qg4 f5 17. Qh5+ g6 18. Qf3 O-O 19. O-O g5 20. Qh5 Rf6 21.
f4 Rh6 22. Qxg5+ Kf7 23. Qg3 Rg8 24. Qf3 Rhg6 25. Rf2 Qf6 26. Be1 Bc5 27. b4
Bb6 28. Re2 Qg7 29. g3 Qf6 30. Kh2 h5 31. a4 h4 32. Rg2 Qe6 33. Raa2 Qxe3 34.
Qxe3 Bxe3 35. Rge2 hxg3+ 36. Kg2 Bxf4 37. b5 c5 38. Bd2 Bd6 39. Be1 Rh8 40.
Rad2 Re6 41. Rxe6 Kxe6 42. Re2+ Kf6 43. Rd2 d4 44. cxd4 cxd4 45. Rxd4 Be5 46.
Rd7 Rc8 47. Kf3 Rc1 48. Bd2 Rf1+ 49. Kg2 Rf2+ 50. Kg1 f4 51. Rd3 Kf5 52. Be1
Re2 53. Bc3 Bc7 54. a5 Rc2 55. Bd2 Ke4 56. Rd7 Be5 57. h4 f3 58. h5 Bd4+ 59.
Rxd4+ Kxd4 60. Bf4 Kc4 61. Bxg3 Rg2+ 0-1

[Event "4NCL/Div4/PPA2 vs. NOTT"]
[Site "West Bromwich ENG"]
[Date "2004.06.20"]
[Round "11.5"]
[White "Sayers, Raymond"]
[Black "Wright, Antony J"]
[Result "0-1"]
[WhiteElo "2140"]
[BlackElo "1880"]
[PlyCount "80"]
[EventDate "2004.06.20"]

1. e4 e6 2. d4 d5 3. Nc3 Nf6 4. Bg5 Be7 5. e5 Nfd7 6. Bxe7 Qxe7 7. f4 a6 8. Qd2
c5 9. Nf3 Nc6 10. Ne2 b5 11. c3 Nb6 12. b3 Bd7 13. Ng3 c4 14. bxc4 Nxc4 15.
Bxc4 bxc4 16. O-O Rb8 17. Qc2 g6 18. Rab1 O-O 19. Ng5 Qa3 20. Nh5 Rxb1 21. Rxb1
Rb8 22. Nf6+ Kg7 23. Nxd7 Rxb1+ 24. Qxb1 Qxc3 25. Nf3 Qe3+ 26. Kh1 c3 27. Nc5
Nxd4 28. Qg1 Qxg1+ 29. Nxg1 g5 30. Nb3 c2 31. Nc1 Kg6 32. g4 gxf4 33. Kg2 f6
34. exf6 Kxf6 35. Kf2 Kg5 36. h3 e5 37. Nge2 Nxe2 38. Kxe2 e4 39. Kd2 d4 40.
Kxc2 f3 0-1

[Event "4NCL/Div4/PPA2 vs. NOTT"]
[Site "West Bromwich ENG"]
[Date "2004.06.20"]
[Round "11.6"]
[White "Burke, Steven J"]
[Black "Goodger, Martyn"]
[Result "1/2-1/2"]
[WhiteElo "1824"]
[BlackElo "2138"]
[PlyCount "52"]
[EventDate "2004.06.20"]

1. Nf3 f5 2. b4 Nf6 3. Bb2 e6 4. a3 Be7 5. e3 O-O 6. Bc4 b6 7. Qe2 Bb7 8. d3
Qe8 9. Nbd2 Nc6 10. h3 Qh5 11. O-O-O Qe8 12. g4 fxg4 13. hxg4 Bd6 14. Rh4 Ne7
15. Rg1 Ng6 16. Rh3 a5 17. Ne4 Bxe4 18. dxe4 Nxe4 19. Bd3 Nf6 20. Rgh1 Kf7 21.
Bxf6 Kxf6 22. Rxh7 axb4 23. g5+ Kf7 24. Bxg6+ Kxg6 25. Ne5+ Bxe5 26. Qh5+ Kf5
1/2-1/2

[Event "4NCL/Div4/MET vs. SLO3"]
[Site "West Bromwich ENG"]
[Date "2004.06.20"]
[Round "11.1"]
[White "Noden, Nicolas"]
[Black "Varnam, Liam D"]
[Result "1-0"]
[WhiteElo "2176"]
[BlackElo "2065"]
[PlyCount "93"]
[EventDate "2004.06.20"]

1. c4 Nf6 2. g3 g6 3. Bg2 Bg7 4. Nc3 O-O 5. d3 d6 6. Bg5 h6 7. Bd2 c5 8. a3 Nc6
9. Rb1 a5 10. Nf3 e5 11. O-O Be6 12. Ne1 Nd7 13. Nc2 Qe7 14. b4 axb4 15. axb4
Rfb8 16. Nd5 Bxd5 17. Bxd5 Nf6 18. Bg2 e4 19. Bc3 Ne5 20. Ne3 Qe6 21. bxc5 dxc5
22. Rb5 b6 23. Qb1 exd3 24. exd3 Nfd7 25. Nd5 Qd6 26. f4 Ng4 27. Bxg7 Kxg7 28.
h3 Ngf6 29. Nxf6 Qxf6 30. Bxa8 Rxa8 31. Qb2 Qxb2 32. Rxb2 Ra3 33. Rd1 Kf6 34.
Kf2 Ke6 35. Ke3 Kd6 36. g4 Ke6 37. h4 Kd6 38. h5 gxh5 39. gxh5 Ke6 40. Rg1 Ra8
41. Rg7 Rh8 42. Ra2 Kf6 43. Rg1 Rb8 44. Ra7 Ke6 45. Rg7 b5 46. cxb5 Rxb5 47.
Rh7 1-0

[Event "4NCL/Div4/MET vs. SLO3"]
[Site "West Bromwich ENG"]
[Date "2004.06.20"]
[Round "11.2"]
[White "Roberson, Peter T"]
[Black "Djabri, Zafer M"]
[Result "1/2-1/2"]
[WhiteElo "2121"]
[BlackElo "2036"]
[PlyCount "124"]
[EventDate "2004.06.20"]

1. e4 c5 2. c3 Nf6 3. e5 Nd5 4. Nf3 e6 5. d4 cxd4 6. Bc4 Nb6 7. Bb3 Nc6 8. cxd4
d6 9. exd6 Qxd6 10. Nc3 Be7 11. a3 O-O 12. Bc2 e5 13. Ne4 Qc7 14. dxe5 Rd8 15.
Qe2 Nxe5 16. Nxe5 Qxe5 17. O-O Be6 18. Re1 Rac8 19. Nc3 Qxe2 20. Rxe2 Bf6 21.
h3 Bxc3 22. bxc3 Nd5 23. Bb3 Rxc3 24. Bxd5 Rxd5 25. Be3 Ra5 26. Rd1 h6 27. Rd8+
Kh7 28. Rb2 b5 29. Bd2 Rcxa3 30. Bxa5 Rxa5 31. Rd1 Bc4 32. Rbb1 Ra3 33. Ra1 b4
34. Rdc1 Ba2 35. Rc2 b3 36. Rb2 Kg6 37. Rxb3 Rxb3 38. Rxa2 Rb1+ 39. Kh2 Rb7 40.
Kg3 Kf5 41. Kf3 Ke5 42. Ke3 Kd5 43. Kd3 Kc5 44. Rc2+ Kb6 45. Rb2+ Kc7 46. Ra2
Kb8 47. Kd4 Rb5 48. Kc4 Rg5 49. g4 Rg6 50. Kc5 Rf6 51. Rb2+ Kc7 52. Ra2 a6 53.
f4 g6 54. Kd5 Kb7 55. f5 Rb6 56. Re2 Rb5+ 57. Kc4 gxf5 58. Re7+ Kb6 59. Rxf7
Rc5+ 60. Kb3 fxg4 61. hxg4 Rc6 62. Rg7 Rf6 1/2-1/2

[Event "4NCL/Div4/MET vs. SLO3"]
[Site "West Bromwich ENG"]
[Date "2004.06.20"]
[Round "11.3"]
[White "Calvert, D Ian"]
[Black "Payne, Nick"]
[Result "0-1"]
[WhiteElo "2048"]
[BlackElo "2088"]
[PlyCount "100"]
[EventDate "2004.06.20"]

1. b3 d5 2. Bb2 c5 3. e3 Nf6 4. Nf3 Nc6 5. Bb5 Bd7 6. O-O g6 7. Bxc6 Bxc6 8.
Ne5 Qc7 9. d3 Bg7 10. Nxc6 Qxc6 11. Nd2 O-O 12. Qe2 Rfe8 13. e4 Nxe4 14. Bxg7
Nxd2 15. Qxd2 Kxg7 16. f4 f6 17. Rf3 e5 18. fxe5 Rxe5 19. Raf1 Rf8 20. Rh3 Rg5
21. Re3 Re8 22. Ref3 Re6 23. Rxf6 Rxg2+ 24. Qxg2 Rxf6 25. Rxf6 Kxf6 26. Qf3+
Kg7 27. Qf4 Qd7 28. Qe5+ Kf7 29. a4 Qg4+ 30. Kh1 Qf3+ 31. Kg1 Qg4+ 32. Kh1 Qd1+
33. Kg2 Qxc2+ 34. Kg1 Qd1+ 35. Kg2 Qg4+ 36. Kh1 Qf3+ 37. Kg1 Qd1+ 38. Kg2 Qg4+
39. Kh1 Qd7 40. Qf4+ Ke6 41. d4 cxd4 42. Qxd4 b6 43. h4 Kd6 44. Kh2 Kc7 45. Kg3
Kb7 46. b4 Qc7+ 47. Kh3 Qd7+ 48. Kg3 h5 49. Kf4 Qg4+ 50. Ke5 Qxd4+ 0-1

[Event "4NCL/Div4/MET vs. SLO3"]
[Site "West Bromwich ENG"]
[Date "2004.06.20"]
[Round "11.4"]
[White "Cox, Tristan"]
[Black "Dickson, George"]
[Result "0-1"]
[WhiteElo "2064"]
[BlackElo "1928"]
[PlyCount "42"]
[EventDate "2004.06.20"]

1. d4 d6 2. c4 f5 3. Nf3 Nf6 4. g3 g6 5. b4 Bg7 6. Bb2 O-O 7. Bg2 Ne4 8. Qb3 c5
9. O-O Nc6 10. Rd1 Qb6 11. a3 Be6 12. d5 Na5 13. Qc2 cxb4 14. Bxg7 b3 15. Qb2
Qxf2+ 16. Kh1 Nxc4 17. Qxb3 Ne3 18. Rg1 Bxd5 19. Qb2 Qxg3 20. hxg3 Nf2+ 21. Kh2
Neg4# 0-1

[Event "4NCL/Div4/MET vs. SLO3"]
[Site "West Bromwich ENG"]
[Date "2004.06.20"]
[Round "11.5"]
[White "McGuiness, Andrew E"]
[Black "de Coverly, Roger"]
[Result "0-1"]
[WhiteElo "1776"]
[BlackElo "2092"]
[PlyCount "122"]
[EventDate "2004.06.20"]

1. e4 e5 2. Nc3 Nc6 3. Nf3 Nf6 4. d4 Bb4 5. Nxe5 Qe7 6. Nxc6 Qxe4+ 7. Be2 Qxc6
8. O-O Bxc3 9. bxc3 d5 10. Rb1 a6 11. c4 O-O 12. cxd5 Nxd5 13. Bf3 Be6 14. Qd3
b5 15. a4 Rab8 16. Ba3 Rfe8 17. Bc5 Qd7 18. axb5 axb5 19. Qd2 Bg4 20. Bxd5 Qxd5
21. Qf4 Qd7 22. Ra1 Bf5 23. c3 Re4 24. Qf3 Rbe8 25. Ra7 Re1 26. h3 Rxf1+ 27.
Kxf1 Qe6 28. Kg1 c6 29. Kh2 h6 30. Ra6 Be4 31. Qg3 Bd5 32. Ra7 Kh7 33. Bd6 Qg6
34. Be5 Qxg3+ 35. Kxg3 Re6 36. f3 Kg6 37. h4 f6 38. Bc7 h5 39. Kf4 Re2 40. g4
Rf2 41. gxh5+ Kxh5 42. Ke3 Rxf3+ 43. Kd2 Kxh4 44. Bd6 g5 45. Rh7+ Kg4 46. Rg7
Rf2+ 47. Ke3 Rc2 48. Kd3 Ra2 49. c4 bxc4+ 50. Kc3 Rf2 51. Bb4 Rf3+ 52. Kd2 Rd3+
53. Kc1 Kf5 54. Rh7 Kg6 55. Rh2 g4 56. Bf8 g3 57. Rh6+ Kf7 58. Bd6 g2 59. Bh2
Rf3 60. Rh7+ Kg6 61. Rh8 Kg7 0-1

[Event "4NCL/Div4/SXM vs. CHED"]
[Site "West Bromwich ENG"]
[Date "2004.06.20"]
[Round "11.1"]
[White "Eichner, Daniel"]
[Black "Smith, Alan A"]
[Result "0-1"]
[WhiteElo "1966"]
[BlackElo "2251"]
[PlyCount "42"]
[EventDate "2004.06.20"]

1. e4 c5 2. Nc3 Nc6 3. g3 g6 4. Bg2 Bg7 5. d3 d6 6. f4 Nf6 7. Nf3 O-O 8. h3 Bd7
9. g4 Rb8 10. f5 b5 11. Be3 b4 12. Ne2 Ne8 13. c3 bxc3 14. bxc3 Rb2 15. c4 Nb4
16. Kf2 Nxa2 17. Kg3 a5 18. h4 Nb4 19. Bd2 Qb8 20. Rxa5 Nxd3 21. Bg5 d5+ 0-1

[Event "4NCL/Div4/SXM vs. CHED"]
[Site "West Bromwich ENG"]
[Date "2004.06.20"]
[Round "11.2"]
[White "Buxton, David E"]
[Black "Prescott, Adam"]
[Result "1-0"]
[WhiteElo "2024"]
[BlackElo "1712"]
[PlyCount "59"]
[EventDate "2004.06.20"]

1. d4 d6 2. c4 Nf6 3. Nc3 g6 4. e4 Bg7 5. Nf3 c6 6. Be2 Bg4 7. O-O O-O 8. Bg5
Bxf3 9. Bxf3 Nbd7 10. Qd2 Qb6 11. Be3 Qb4 12. Be2 Rfe8 13. f4 e5 14. a3 Qa5 15.
b4 Qc7 16. fxe5 dxe5 17. d5 cxd5 18. cxd5 a6 19. Rac1 Qd6 20. Qd3 Nb6 21. Bc5
Qd8 22. Bd1 Bh6 23. Rc2 Nbd7 24. Be3 Bxe3+ 25. Qxe3 Kg7 26. Na4 a5 27. Rcf2 Rf8
28. Nc5 axb4 29. axb4 Qb6 30. Rxf6 1-0

[Event "4NCL/Div4/SXM vs. CHED"]
[Site "West Bromwich ENG"]
[Date "2004.06.20"]
[Round "11.3"]
[White "Makepeace, Philip J"]
[Black "Edwards, Simon R"]
[Result "0-1"]
[WhiteElo "1696"]
[BlackElo "2042"]
[PlyCount "44"]
[EventDate "2004.06.20"]

1. e4 e5 2. Nf3 f5 3. d4 fxe4 4. Nxe5 Nf6 5. Be2 d6 6. Bh5+ g6 7. Nxg6 hxg6 8.
Bxg6+ Ke7 9. Bg5 d5 10. Qd2 Qd6 11. Bf4 Qb6 12. Nc3 Be6 13. Be5 Bh6 14. Qd1
Nbd7 15. f4 Rhg8 16. f5 Bf7 17. Rf1 Qxb2 18. Na4 Qa3 19. c4 Qb4+ 20. Kf2 Qxc4
21. Kg1 Bxg6 22. fxg6 Rxg6 0-1

[Event "4NCL/Div4/SXM vs. CHED"]
[Site "West Bromwich ENG"]
[Date "2004.06.20"]
[Round "11.4"]
[White "Edwards, Roger J"]
[Black "Fraser, Joe"]
[Result "0-1"]
[WhiteElo "1752"]
[BlackElo "1576"]
[PlyCount "126"]
[EventDate "2004.06.20"]

1. e4 c5 2. Nf3 Nc6 3. d4 cxd4 4. Nxd4 Nf6 5. Nc3 e5 6. Nxc6 bxc6 7. Bc4 Bb4 8.
O-O O-O 9. Bg5 d6 10. Qf3 Be6 11. Bb3 h6 12. Bh4 g5 13. Bg3 Bg4 14. Qe3 Nh5 15.
h3 Bd7 16. Bh2 Nf4 17. Bxf4 gxf4 18. Qf3 Kh7 19. Kh2 f5 20. Rg1 d5 21. exd5 Bd6
22. Rae1 e4 23. Nxe4 fxe4 24. Qxe4+ Bf5 25. Qf3 c5 26. Bc4 Qd7 27. Bd3 Bxd3 28.
Qxd3+ Qf5 29. Qf3 Rae8 30. c3 Re5 31. Rd1 Rfe8 32. b3 Re2 33. a4 Qc2 34. Rgf1
Qe4 35. Qxe4+ R8xe4 36. Rd3 Rb2 37. c4 Kg6 38. Kg1 Rd4 39. Rf3 Kf5 40. Re1 Re4
41. Rd1 Ree2 42. Kf1 Ke4 43. Kg1 Rbd2 44. Rc1 Rd3 45. Kf1 Red2 46. Re1+ Kd4 47.
Rxd3+ Kxd3 48. f3 Kc3 49. Re6 Bf8 50. Rf6 Bg7 51. Rxf4 Kxb3 52. Rg4 Be5 53. Rg6
Kxc4 54. Ke1 Bc3 55. Kf1 Kxd5 56. Rxh6 Be5 57. Rg6 c4 58. Ke1 Rd4 59. Rg8 c3
60. Rc8 Rc4 61. Rd8+ Bd6 62. Kd1 c2+ 63. Kc1 Ke6 0-1

[Event "4NCL/Div4/SXM vs. CHED"]
[Site "West Bromwich ENG"]
[Date "2004.06.20"]
[Round "11.5"]
[White "Richardson, Joe"]
[Black "Sullivan, Daniel J S"]
[Result "1-0"]
[WhiteElo "1536"]
[BlackElo "1656"]
[PlyCount "65"]
[EventDate "2004.06.20"]

1. e4 c5 2. c3 d5 3. exd5 Qxd5 4. d4 Nf6 5. dxc5 Qxc5 6. Be3 Qc7 7. Nf3 e6 8.
Bd3 b6 9. Nbd2 Bb7 10. Bd4 Nbd7 11. Bb5 a6 12. Bxf6 gxf6 13. Ba4 b5 14. Bc2 f5
15. Qe2 Be7 16. O-O-O Qa5 17. Bb1 Nc5 18. Rhe1 Bd5 19. Nd4 Bxa2 20. Bxf5 Bd5
21. Nb1 Bg5+ 22. Rd2 Qa1 23. Qe5 Bxd2+ 24. Kxd2 Qxb2+ 25. Ke3 Kd7 26. Qxd5+ Ke7
27. Qxc5+ Kf6 28. Bd3 Rac8 29. Qh5 Rhg8 30. Kf3 Rxc3 31. Nxc3 Qxc3 32. Qe5+ Ke7
33. Nf5+ 1-0

[Event "4NCL/Div4/SXM vs. CHED"]
[Site "West Bromwich ENG"]
[Date "2004.06.20"]
[Round "11.6"]
[White "Harris, Martyn J"]
[Black "Fraser, A Scott"]
[Result "1/2-1/2"]
[WhiteElo "1696"]
[BlackElo "1096"]
[PlyCount "115"]
[EventDate "2004.06.20"]

1. Nf3 d5 2. c4 c6 3. e3 Nf6 4. b3 h6 5. Be2 Bf5 6. Ba3 Nbd7 7. O-O Qa5 8. b4
Qc7 9. b5 c5 10. cxd5 Nxd5 11. d3 N5f6 12. Nbd2 e6 13. Qb3 Be7 14. Rfc1 O-O 15.
d4 b6 16. Bb2 Ne4 17. d5 Nxd2 18. Nxd2 Nf6 19. dxe6 Bxe6 20. Qc2 Rad8 21. e4
Ng4 22. g3 Bf6 23. Nf3 Bxb2 24. Qxb2 Nf6 25. Qc2 Rfe8 26. Rd1 Bg4 27. Rxd8 Rxd8
28. Kg2 Qe7 29. Bd3 Bxf3+ 30. Kxf3 Qe5 31. Rd1 Rd4 32. Re1 Qc7 33. Bc4 Nd7 34.
Bd5 Ne5+ 35. Kg2 Qd7 36. Qe2 Nd3 37. Rd1 Qxb5 38. Qh5 Qd7 39. Kf1 c4 40. Qe2 b5
41. Qe3 Rxd5 42. exd5 Qxd5 43. Qxa7 Qh1+ 44. Ke2 Qxh2 45. Qa8+ Kh7 46. Qf3 Qh3
47. Qxf7 Qg4+ 48. Qf3 Qe6+ 49. Qe3 Qg4+ 50. Kd2 Qd7 51. Kc3 Qd6 52. Qe4+ Kh8
53. Rd2 Qa3+ 54. Kd4 Qc5+ 55. Kc3 Qa3+ 56. Kd4 Qc5+ 57. Kc3 Qa3+ 58. Kd4
1/2-1/2

[Event "4NCL/Div4/AD3 vs. OXF2"]
[Site "West Bromwich ENG"]
[Date "2004.06.20"]
[Round "11.1"]
[White "Westwood, Richard D"]
[Black "Webster, Ian"]
[Result "1-0"]
[WhiteElo "2048"]
[BlackElo "1856"]
[PlyCount "101"]
[EventDate "2004.06.20"]

1. e4 e6 2. d4 d5 3. exd5 exd5 4. c4 Nf6 5. Nc3 c6 6. Bd3 Be6 7. cxd5 Nxd5 8.
Nge2 Nd7 9. O-O Qh4 10. Nxd5 Bxd5 11. Nf4 O-O-O 12. g3 Qf6 13. Nxd5 cxd5 14.
Bb5 Bd6 15. Qh5 Qe6 16. Bxd7+ Rxd7 17. Bd2 g6 18. Rac1+ Kb8 19. Qh6 f6 20. Rfe1
Qf7 21. Bf4 g5 22. Bxd6+ Rxd6 23. Qh3 Qd7 24. Qxd7 Rxd7 25. Re6 Rf8 26. Kg2 a6
27. Kf3 h5 28. h4 Rff7 29. Rc5 gxh4 30. gxh4 Rg7 31. Rxf6 Rg4 32. Rf4 Rdg7 33.
Rxd5 Rxf4+ 34. Kxf4 Rg4+ 35. Ke3 Rxh4 36. Rc5 b6 37. Rc2 Rg4 38. f3 Rg5 39. Ke4
h4 40. d5 Rg7 41. d6 h3 42. f4 Rh7 43. Rh2 Kc8 44. Ke5 Kd7 45. f5 Rh5 46. Kf4
Kxd6 47. Kg4 Rh6 48. Rxh3 Rf6 49. Kg5 Rf8 50. Rh6+ Kc5 51. f6 1-0

[Event "4NCL/Div4/AD3 vs. OXF2"]
[Site "West Bromwich ENG"]
[Date "2004.06.20"]
[Round "11.2"]
[White "Terry, Sean"]
[Black "Pritchard, David"]
[Result "1/2-1/2"]
[WhiteElo "1896"]
[BlackElo "1864"]
[PlyCount "60"]
[EventDate "2004.06.20"]

1. d4 Nf6 2. Nf3 e6 3. e3 b6 4. c3 Bb7 5. Bd3 d6 6. Nbd2 Nbd7 7. O-O Be7 8. Re1
h6 9. e4 c5 10. Nf1 g5 11. e5 Nd5 12. Be4 Qc7 13. c4 Nb4 14. d5 O-O-O 15. a3
Na6 16. dxe6 Nxe5 17. Nxe5 dxe5 18. Qf3 f6 19. Ne3 Bxe4 20. Qxe4 Rd4 21. Qa8+
Qb8 22. Qc6+ Qc7 23. Qa8+ Qb8 24. Qc6+ Qc7 25. Qxc7+ Kxc7 26. Nf5 Re8 27. Ng7
Rg8 28. Nf5 Re8 29. Ng7 Rg8 30. Nf5 Re8 1/2-1/2